|
|
|
|
| LEADER |
01215nam a2200301 u 4500 |
| 001 |
10117000 |
| 003 |
upatras |
| 005 |
20210117205511.0 |
| 008 |
150721m19681970ge ger |
| 040 |
|
|
|a GR-PaULI
|c GR-PaULI
|
| 041 |
0 |
|
|a ger
|
| 082 |
0 |
4 |
|a 697
|
| 100 |
1 |
|
|a Rietschel, H.
|d 1847-1918
|q ((Hermann))
|4 aut
|9 145268
|
| 245 |
1 |
0 |
|a Heiz- und klimatechnik
|c [von] Rietschel [und] Raiss
|
| 250 |
|
|
|a 15. neubearb. Aufl. von Wilhelm Raiss
|
| 260 |
|
|
|a Berlin
|b Springer-Verlag
|c 1968-1970
|
| 300 |
|
|
|a 2 τ.
|c 28 εκ.
|
| 504 |
|
|
|a Περιέχει βιβλιογραφία
|
| 505 |
0 |
|
|a τ.1. Grundlagen, systeme, ausfuhrung - xii, 409 σ. - 1968 --
|
| 650 |
|
4 |
|a Θέρμανση
|9 36451
|
| 650 |
|
4 |
|a Ψύξη και ψυκτικά μηχανήματα
|9 40723
|
| 700 |
1 |
|
|a Raiss, Wilhelm
|4 aut
|9 145269
|
| 773 |
0 |
|
|t Grundlagen, systeme, ausfuhrung
|
| 852 |
|
|
|a GR-PaULI
|b ΠΑΤΡΑ
|b ΒΚΠ
|b ΒΣ1
|k ΑΣΧΞ
|h 697 RIE
|m 04291
|p 025000233248
|t 1
|3 v.1
|
| 942 |
|
|
|2 ddc
|c BK15
|
| 952 |
|
|
|0 0
|1 0
|3 v.1
|4 0
|6 697_000000000000000_RIE
|7 0
|9 181768
|a LISP
|b LISP
|c BSC
|d 2016-04-24
|i 04291
|l 0
|o 697 RIE
|p 025000233248
|r 2016-04-24 00:00:00
|t 1
|w 2016-04-24
|y BK15
|
| 998 |
|
|
|c ΜΠΟΥΡΑΣ
|d 2015-07
|
| 999 |
|
|
|c 112350
|d 112350
|